000 00536nam a2200205Ia 4500
003 GCL
008 140319s9999 xx 000 0 ara d
040 _aGCL /
_cGCL
082 0 4 _a191
_bف ن
100 1 _aفؤاد زكريا
245 1 0 _aنظرية المعرفة /
_cفؤاد زكريا
260 _a[S.N] :
_bمكتبة مصر ،
_c1991
300 _a205 ص
490 _a
650 0 4 _aالفلسفة
650 0 4 _aنظريات
650 0 4 _aالفلسفة الحديثة
650 0 4 _aالمعرفة
942 _2ddc
_cBK
999 _c34640
_d34640